| 000 | 00583nam a2200217Ia 4500 | ||
|---|---|---|---|
| 005 | 20260429112114.0 | ||
| 008 | 260429s9999||||xx |||||||||||||| ||und|| | ||
| 020 | _a9781119885863 | ||
| 041 | _aEnglish | ||
| 082 |
_a616.9101 _bRIC |
||
| 100 | _aRichardson, Christopher D. | ||
| 245 | 0 |
_aFundamentals of molecular virology / _cChristopher D. Richardson |
|
| 250 | _a3rd ed. | ||
| 260 |
_aNew Jersey : _bWiley, _c2025. |
||
| 300 | _axxxiv, 638 p.; pbk | ||
| 650 | _a Molecular | ||
| 650 | _a Viruses | ||
| 650 | _aVirology | ||
| 700 | _a Acheson, Nicholas H. | ||
| 942 | _cTB | ||
| 999 |
_c52377 _d52377 |
||